| 000 | 00330nam a2200109Ia 4500 | ||
|---|---|---|---|
| 008 | 171211s9999 xx 000 0 und d | ||
| 245 | _aGender, Sainthood, and Everyday Practice in South Asian Shi’ism | ||
| 245 | _cKaren G. Ruffle | ||
| 260 | _c2011 | ||
| 650 | _xReligion | ||
| 856 | _uhttp://down.ebook777.com/063/0807834750.pdf | ||
| 999 |
_c350485 _d350485 |
||